Closer - The Chainsmokers Lyrics - Statistics

General Stats
  • This quiz has been taken 483 times
  • The average score is 37 of 42
Answer Stats
Hint Answer % Correct
I drink too much and that's an _____ issue
98%
So, baby, ____ me closer pull
97%
____ the sheets right off the corner Pull
97%
So, baby, ____ me closer pull
97%
____ the sheets right off the corner Pull
97%
Hey, you tell your _______ it was nice to meet them friends
96%
Hey, I was doing ____ ____ before I met you just fine
96%
But I'm ____ okay
96%
But I hope I _____ ___ them again never see
95%
In the back seat of your _____ Rover
95%
In the back seat of your _____ Rover
95%
And I, I, I, I, I ____ ____ can't stop
93%
No, I, I, I, I, I ____ ____ can't stop
93%
And I, I, I, I, I ____ ____ can't stop
93%
No, I, I, I, I, I ____ ____ can't stop
93%
We ain't ever _______ _____ getting older
93%
We ain't ever _______ _____ getting older
93%
We ain't ever _______ _____ getting older
93%
We ain't ever _______ _____ getting older
93%
We ain't ever _______ _____ getting older
93%
We ain't ever _______ _____ getting older
93%
That I know you ____ ______ can't afford
92%
That I know you ____ _____ can't afford
92%
Hey, You look as good as the ___ I met you day
91%
Moved __ ___ ____in a broke-down car to the city
91%
Moved __ ___ ____in a broke-down car to the city
91%
And ____ years, no calls four
90%
And ____ years, no call four
90%
Now you're looking pretty in a _____ ___ hotel bar
89%
Now I'm looking pretty in a _____ ___ hotel bar
89%
I know it ______ ____ _____ breaks your heart
86%
I know it ______ ____ _____ breaks your heart
86%
____ that tattoo on your shoulder Bite
83%
____ that tattoo on your shoulder Bite
83%
Of that ________ that you stole mattress
83%
Of that ________ that you stole mattress
83%
I was ______ insane
80%
I forget ____ ___ I left you, just why
76%
From your roommate back in ______ Boulder
74%
From your roommate back in _______ Boulder
74%
Stay, and play that _________ song Blink-182
59%
That we beat to death in ______, okay Tucson
48%
No matching quizzes found
Score Distribution
Percent of People with Each Score
Percentile by Number Answered
Your Score History
You have not taken this quiz